000 00328nam a2200097Ia 4500
008 220120s9999||||xx |||||||||||||| ||und||
100 _aDileep T.T, Somanna M.D and Thanuchith
_912408
245 0 _aInterference reduction in ECG
260 _aCoorg Institute of Technology
_bPonnampet
_c2012
650 _aELECTRONICS AND COMMUNICATIONS
999 _c137995
_d137995